000 00636nam a22001937a 4500
005 20230222032955.0
008 230222b |||||||| |||| 00| 0 eng d
020 _a978-971-23-4524-1
082 _aFil. 793.3 J61 2006
100 _aJimena, Edgar C.,
_eauthor.
245 _aDance your way to fitness :
_ba textbook in college P.E. 2 /
_cEdgar C. Jimena and Jesse D. Dagoon, coordinator.
250 _a1st ed.
260 _aManila :
_bRex Book Store,
_cc2006.
300 _aviiv, 105 p. ;
_bill.
504 _aIncludes bibliographical references and index.
541 _e3122
650 _aDance
700 _aDagoon, Jesse D.,
_eauthor.
999 _c1362
_d1362